東武宇都宮線の駅 - Statistics

General Stats
  • This quiz has been taken 35 times
  • The average score is 9 of 11
Answer Stats
Hint Answer % Correct
TN-12 新栃木
100%
TN-40 東武宇都宮
100%
TN-35 おもちゃのまち
94%
TN-39 南宇都宮
94%
TN-33 壬生
88%
TN-37 西川田
88%
TN-31 野州平川
84%
TN-38 江曽島
84%
TN-32 野州大塚
78%
TN-34 国谷
69%
TN-36 安塚
59%
No matching quizzes found
Score Distribution
Percent of People with Each Score
Percentile by Number Answered
Your Score History
You have not taken this quiz